Geometry Dash - Most Downloaded Nine Circles Levels - Statistics

General Stats
  • This quiz has been taken 16 times
  • The average score is 9 of 20
Answer Stats
Publisher Difficulty Answer Downloads % Correct
Zobros Hard Demon Nine Circles 92,900,000
100%
lSunix Extreme Demon Sonic Wave 39,200,000
92%
Andromeda GMD Insane Demon Poltergeist 11,100,000
85%
Dhafin Easy Demon Problematic 28,000,000
85%
ZenthicAlpha Hard Demon Jawbreaker 19,600,000
77%
mkComic Hard Demon Fairydust 10,700,000
62%
iIiRulasiIi Easy Demon Ultra Paracosm 19,900,000
54%
Spectruh Extreme Demon Down Bass 3,700,000
46%
TheDiamondPizza Extreme Demon Sakupen Circles 8,900,000
46%
startor Easy Demon infinite circles 11,100,000
38%
APTeamOfficial Extreme Demon Sonic Wave Infinity 3,800,000
38%
Rlol Easy Demon Trump Circles 6,200,000
38%
DORABAE Insane dorabaebasic10 19,500,000
31%
N1XO Medium Demon Paracosm Circles 8,100,000
31%
Nacho21 Easy Demon Retro Circles 17,000,000
31%
SUOMI Easy Demon Ultimate Circles 4,200,000
31%
CrisPy Dash Insane If Sonic Wave was L1 5,400,000
23%
Rustam Medium Demon Nine Circles XII 5,300,000
15%
ViPriN Insane Demon Nine CircleX 4,200,000
15%
SUOMI Normal If Jawbreaker Was L1 3,600,000
8%
No matching quizzes found
Score Distribution
Percent of People with Each Score
Percentile by Number Answered
Your Score History
You have not taken this quiz